000 00904nam a2200253Ia 4500
003 OSt
005 20220925181456.0
006 a|||||r|||| 00| 0
007 ta
008 220923b |||||||| |||| 00| 0 eng d
020 _a9781848449992
_c5943.1999999999998
037 _b31109, 31/01/2011, Segment Book Distrobutors
_cGeneral Book
040 _aRTL
_cRTL
_beng
041 _2eng
_aeng
082 _aX:516:(Z).5Oa71, Q0
100 _aMATEUS Abel M
_9253918
245 0 _aCompetition law and economics
_b Advances in competition policy enforcement in the EU and North America
260 _aCheltenham
_bEdward Elgar
_c2010
300 _axv, 435p
_ccm.
650 _aEconomics
700 _a MOREIRA Teresa
_9253919
942 _hX:516:(Z).5Oa71, Q0
_cGB
_2CC
999 _c499393
_d499393